Представление документа в формате MARC21

Поле Инд. ПП Название Значение
Тип записи a
Библиографический уровень m
001 Контрольный номер RU/IS/BASE/336064231
005 Дата корректировки 20141114162852.5
040 a Служба первич. каталог. НБ ТвГУ
b Код языка каталог. rus
e Правила каталог. PSBO
041 0_ a Код языка текста rus
080 a Индекс УДК 316.614(043.3)
084 a Индекс другой классификации/Индекс ББК С524.125я031
084 a Индекс другой классификации/Индекс ББК С524.56я031
090 a Полочн. индекс С524.1
x Авторский знак Д 58
100 1_ a Автор Довгалева Ирина Валерьевна
q Полное имя Довгалева И. В.
245 10 a Заглавие Социальные практики адаптации: идентификационный дискурс
b Продолж. заглавия дис. ... канд. филос. наук : 09.00.11
c Ответственность Твер. гос. техн. ун-т
260 a Место издания Тверь
c Дата издания 2010
300 a Объем 162 с.
500 a Примечание На правах рукоп.
502 a Примечание о диссертации Дис. (канд.) - Тверской государственный технический университет, 2010
504 a Библиография Библиогр.: с.150-162 (170 назв.)
653 a Ключевые слова Адаптация
a Ключевые слова Диссертации
a Ключевые слова Идентичность
a Ключевые слова Социальная адаптация
a Ключевые слова Социальная идентичность
a Ключевые слова Социальная философия
a Ключевые слова Социология
a Ключевые слова Трансформация идентичности
a Ключевые слова Философия
920 a Оператор Густ
930 a Новая/Ретро диссертации
952 c Вид литературы Дис н
954 a Дата поступления на обработку 20100901